Building services engineering : (Record no. 599139)
[ view plain ]
| 000 -LEADER | |
|---|---|
| fixed length control field | 00279nam a2200109Ia 4500 |
| 008 - FIXED-LENGTH DATA ELEMENTS--GENERAL INFORMATION | |
| fixed length control field | 230907s9999||||xx |||||||||||||| ||und|| |
| 082 ## - DEWEY DECIMAL CLASSIFICATION NUMBER | |
| Classification number | 690.068 |
| Author Mark | POR |
| 100 ## - MAIN ENTRY--PERSONAL NAME | |
| Personal name | Portman, Jackie, |
| 9 (RLIN) | 115685 |
| 245 #0 - TITLE STATEMENT | |
| Title | Building services engineering : |
| 300 ## - PHYSICAL DESCRIPTION | |
| Extent | xv, 165 pages : |
| 942 ## - ADDED ENTRY ELEMENTS (KOHA) | |
| Koha item type | Book |
| Withdrawn status | Lost status | Damaged status | Not for loan | Permanent Location | Current Location | Date acquired | Total Checkouts | Full call number | Barcode | Date last seen | Price effective from | Koha item type |
|---|---|---|---|---|---|---|---|---|---|---|---|---|
| US-Pakistan Center for Advanced Studies in Energy (USPCAS-E) | US-Pakistan Center for Advanced Studies in Energy (USPCAS-E) | 08/19/2019 | 690.068 POR | CAS-E0003238 | 09/12/2023 | 09/12/2023 | Book |
